Qué pueden hacer las ciencias penales por los grupos vulnerables /
Tallennettuna:
| Päätekijä: | |
|---|---|
| Aineistotyyppi: | Kirja |
| Kieli: | espanja |
| Julkaistu: |
México :
Instituto Nacional de Ciencias Penales : British Council,
2010, c2010
|
| Aiheet: | |
| Tagit: |
Ei tageja, Lisää ensimmäinen tagi!
|
MARC
| LEADER | 00000nam^a2200000^a^4500 | ||
|---|---|---|---|
| 001 | 000314703 | ||
| 005 | 20250521000000.0 | ||
| 009 | 20260310113222.279 | ||
| 020 | |a 978-607-7882-19-0 | ||
| 037 | |a Acervo ITESO - Biblioteca | ||
| 041 | |a ESP | ||
| 082 | |a 364. 1 |b TAM | ||
| 100 | |a Tamborrel Suárez, Guillermo |e (coord. e introd.) | ||
| 245 | 1 | 0 | |a Qué pueden hacer las ciencias penales por los grupos vulnerables / |c Coord. e introd. de G. Tamborrel Suárez. |
| 264 | 4 | |a México : |b Instituto Nacional de Ciencias Penales : |b British Council, |c 2010, c2010 | |
| 300 | |a 199 p. | ||
| 336 | |a texto |b txt |2 rdacontenido | ||
| 337 | |a sin mediación |b n |2 rdamedio | ||
| 338 | |a volumen |b nc |2 rdasoporte | ||
| 649 | |a XX | ||
| 650 | |a Migrantes - |x Condiciones Jurídicas | ||
| 650 | |a Minorías - |x Condiciones Jurídicas | ||
| 650 | |a Víctimas - |x Condiciones Jurídicas | ||
| 650 | |a Vulnerabilidad Social - |x Aspectos Jurídicos - |x Tema Principal | ||
| 650 | |a Etica Política | ||
| 650 | |a Políticas Públicas | ||
| 650 | |a Derecho Penal | ||
| 650 | |a Criminología | ||
| 910 | |a Fondo General | ||
| 920 | |a Impresos - Libros | ||
| 930 | |a Colección General | ||
| 905 | |a 101 | ||
| 901 | |a 0500201296 |b IT1 |c ACC |i C129372 |u 20250521 | ||
| 902 | |a https://opac.biblio.iteso.mx/vufind/Record/000314703 | ||